Uudenmaan kuntien vaakunat 2025 (keltainen laatikko) - Statistics

Yleistilastot
  • Tätä visaa on pelattu 151 kertaa
    146 viimeisimmän päivityksen jälkeen
  • Keskiarvotulos 21 / 26
Vastaustilastot
Kuvavisa Vastaus % Oikein
Helsinki
98%
Nurmijärvi
95%
Pukkila
95%
Vantaa
93%
Kauniainen
91%
Espoo
89%
Kirkkonummi
87%
Hanko
85%
Kerava
85%
Sipoo
85%
Porvoo
82%
Mäntsälä
80%
Askola
78%
Karkkila
78%
Loviisa
78%
Hyvinkää
76%
Inkoo
76%
Järvenpää
76%
Myrskylä
76%
Raasepori
76%
Tuusula
76%
Vihti
76%
Siuntio
75%
Pornainen
73%
Lohja
71%
Lapinjärvi
67%
Ehtoja vastaavia visoja ei löytynyt
Tulosjakauma
Jokaisen tuloksen saaneiden osuus
Persentiili vastausten määrän mukaan
Tuloshistoriasi
Et ole pelannut tätä visaa sen viimeisimmän päivityksen jälkeen